[Event "Women's Speed Chess Q5"]
[Site "chess.com INT"]
[Date "2021.06.04"]
[Round "4"]
[White "Ziegenfuss, Antonia"]
[Black "Torres Hernandez, Leslie Carolin"]
[Result "1-0"]
[WhiteTitle "WFM"]
[BlackTitle "WFM"]
[WhiteElo "2157"]
[BlackElo "1884"]
[WhiteFideId "12962554"]
[BlackFideId "8400504"]
[EventDate "2021.06.04"]

1. d4 Nf6 2. c4 c5 3. d5 d6 4. Nc3 a6 5. e4 e5 6. Bd3 Be7 7. Nge2 O-O 8. O-O h6
9. f4 exf4 10. Bxf4 Bg4 11. e5 dxe5 12. Bxe5 Nbd7 13. Bg3 Nh5 14. Qc2 Bg5 15. h3
Be3+ 16. Kh2 Nxg3 17. Nxg3 Ne5 18. Be2 Qh4 19. Nf5 Qh5 20. Nxe3 Bxe2 21. Qxe2
Qg6 22. Qc2 Qd6 23. g3 g6 24. Rae1 f5 25. b3 Rab8 26. Ng2 b5 27. Nf4 bxc4 28.
bxc4 Rb4 29. Rf2 Rxc4 30. Qe2 1-0

[Event "Women's Speed Chess Q5"]
[Site "chess.com INT"]
[Date "2021.06.04"]
[Round "4"]
[White "Varshini, V"]
[Black "Batsiashvili, Nino"]
[Result "1-0"]
[WhiteTitle "WGM"]
[BlackTitle "GM"]
[WhiteElo "2226"]
[BlackElo "2491"]
[WhiteFideId "5091241"]
[BlackFideId "13602993"]
[EventDate "2021.06.04"]

1. e4 c6 2. d4 d5 3. Nc3 dxe4 4. Nxe4 Nf6 5. Nxf6+ exf6 6. Nf3 Bd6 7. Be2 O-O 8.
O-O Re8 9. Be3 Nd7 10. h3 Nf8 11. c4 Ng6 12. Qd2 Be6 13. Rac1 a5 14. Rfd1 Qd7
15. Bf1 a4 16. d5 cxd5 17. cxd5 Bf5 18. Nd4 Be4 19. Bb5 Qe7 20. Bxe8 Rxe8 21.
Nb5 Nh4 22. Nxd6 Qxd6 23. Bf4 Qd7 24. Re1 Bxg2 25. Rxe8+ Qxe8 26. Qe3 Qd8 27.
Bc7 Qd7 28. Bg3 Nf5 29. Qc5 Nxg3 30. Qc8+ Qxc8 31. Rxc8# 1-0

[Event "Women's Speed Chess Q5"]
[Site "chess.com INT"]
[Date "2021.06.04"]
[Round "4"]
[White "Khalafova, Narmin"]
[Black "Vantika, Agrawal"]
[Result "1-0"]
[WhiteTitle "WGM"]
[BlackTitle "WIM"]
[WhiteElo "2279"]
[BlackElo "2286"]
[WhiteFideId "13402625"]
[BlackFideId "25050389"]
[EventDate "2021.06.04"]

1. e4 c5 2. Be2 Nc6 3. f4 g6 4. Nf3 Bg7 5. O-O d6 6. c3 Bg4 7. Na3 Nf6 8. d3 O-O
9. Nc4 b5 10. Ne3 Bxf3 11. Rxf3 Rb8 12. Rh3 b4 13. Qe1 bxc3 14. bxc3 e6 15. g4
d5 16. g5 Nd7 17. exd5 exd5 18. Nxd5 Re8 19. Be3 Nb6 20. Nxb6 axb6 21. Rc1 Ra8
22. Bf3 Qd7 23. Rg3 Rxa2 24. Be4 Ne7 25. Bd2 Nd5 26. Ra1 Rxa1 27. Qxa1 Ne7 28.
Qa6 Nf5 29. Rg2 b5 30. Bc6 Qd6 31. Qxb5 Rd8 32. Be4 Ne7 33. Qc4 Rb8 34. Rf2 Rb1+
35. Kg2 h5 36. Be3 Qd7 37. h3 Nf5 38. Bxc5 Nh4+ 39. Kh2 Kh7 40. Qd5 1-0

[Event "Women's Speed Chess Q5"]
[Site "chess.com INT"]
[Date "2021.06.04"]
[Round "4"]
[White "Gevorgyan, Maria"]
[Black "Morris-Suzuki, Sophie"]
[Result "0-1"]
[WhiteTitle "WGM"]
[BlackTitle "WFM"]
[WhiteElo "2219"]
[BlackElo "2043"]
[WhiteFideId "13300270"]
[BlackFideId "30922615"]
[EventDate "2021.06.04"]

1. e4 c5 2. Nc3 e6 3. f4 d5 4. Nf3 dxe4 5. Nxe4 Nd7 6. Bb5 Be7 7. Qe2 Nf6 8. f5
e5 9. Nxe5 O-O 10. Nxd7 Bxd7 11. Bxd7 Qxd7 12. Nxf6+ Bxf6 13. O-O Rfe8 14. Qf3
Qb5 15. c3 Rad8 16. a4 Qb6 17. Kh1 c4 18. b4 Rd3 19. Qf4 Qc6 20. b5 Qd5 21. Rb1
Re2 22. Rg1 Be5 23. Qg4 Re4 24. Qh5 g6 25. fxg6 hxg6 26. Qg5 Rh3 27. Rf1 Rxh2+
28. Kg1 Bd4+ 29. Kxh2 Qxg5 30. cxd4 Rg4 31. Rf2 Rh4+ 32. Kg1 Qh5 33. Rf3 Rh1+
34. Kf2 Qh4+ 35. Rg3 Qxd4+ 36. Re3 Qh4+ 37. Rg3 Qf4+ 38. Rf3 Qe4 39. Ra1 Qe1# 0-1

[Event "Women's Speed Chess Q5"]
[Site "chess.com INT"]
[Date "2021.06.04"]
[Round "4"]
[White "Zaksaite, Salomeja"]
[Black "Chitlange, Sakshi"]
[Result "1-0"]
[WhiteTitle "WIM"]
[BlackTitle "WIM"]
[WhiteElo "2202"]
[BlackElo "2167"]
[WhiteFideId "12801496"]
[BlackFideId "35002899"]
[EventDate "2021.06.04"]

1. e4 c6 2. d4 d5 3. e5 c5 4. dxc5 e6 5. a3 Bxc5 6. Qg4 Bf8 7. Nf3 h5 8. Qg3 Ne7
9. Bd3 Nf5 10. Bxf5 exf5 11. O-O h4 12. Qg5 Qxg5 13. Bxg5 h3 14. g3 Nc6 15. Nc3
Be6 16. Rad1 Be7 17. Nxd5 Nxe5 18. Nxe5 Bxg5 19. Nc7+ Ke7 20. Nxa8 Rxa8 21. f4
Bf6 22. Rfe1 Rc8 23. Rd2 g5 24. Rde2 gxf4 25. gxf4 Rg8+ 26. Kf1 Kf8 27. b3 Be7
28. Nxf7 Bh4 29. Ng5 Bd5 30. Re8+ Kg7 31. R1e7+ Kf6 32. Nh7+ Kg6 33. Rxg8+ Bxg8
34. Nf8+ Kf6 35. Rxb7 Bd5 36. Rxa7 Bg2+ 37. Ke2 Be4 38. c4 1-0

[Event "Women's Speed Chess Q5"]
[Site "chess.com INT"]
[Date "2021.06.04"]
[Round "4"]
[White "Obregon Garcia, Roxangel"]
[Black "Rakshitta, Ravi"]
[Result "1-0"]
[WhiteTitle "WIM"]
[BlackTitle "WIM"]
[WhiteElo "2167"]
[BlackElo "2190"]
[WhiteFideId "3520420"]
[BlackFideId "25073230"]
[EventDate "2021.06.04"]

1. d4 Nf6 2. Bf4 g6 3. e3 Bg7 4. Nc3 d6 5. h4 h6 6. h5 g5 7. Bg3 Nc6 8. Be2 Nd7
9. Bc4 e5 10. Nge2 f5 11. Qd3 Nb6 12. Bb3 e4 13. Qd2 d5 14. O-O-O a5 15. a4 Bd7
16. Nb5 Rc8 17. Nec3 Be6 18. f3 exf3 19. gxf3 Nb4 20. Rhg1 O-O 21. Qh2 c5 22.
Bc7 Qd7 23. Bxb6 f4 24. Bxc5 fxe3 25. Bxf8 Rxf8 26. Qe2 Kh8 27. Qxe3 Re8 28. Qf2
Qc6 29. Rge1 Rc8 30. Qe3 Bf7 31. f4 Qf6 32. fxg5 hxg5 33. Rf1 Qg6 34. Qf3 1-0

[Event "Women's Speed Chess Q5"]
[Site "chess.com INT"]
[Date "2021.06.04"]
[Round "4"]
[White "Nurmanova, Alua"]
[Black "Tsolakidou, Stavroula"]
[Result "1-0"]
[WhiteTitle "WFM"]
[BlackTitle "IM"]
[WhiteElo "2093"]
[BlackElo "2379"]
[WhiteFideId "13729390"]
[BlackFideId "4264312"]
[EventDate "2021.06.04"]

1. e4 c5 2. Nf3 d6 3. d4 cxd4 4. Nxd4 Nf6 5. Nc3 a6 6. Bg5 Nbd7 7. f4 Qc7 8. Qf3
b5 9. O-O-O Bb7 10. Bd3 g6 11. Rhe1 Bg7 12. Nd5 Nxd5 13. exd5 Nf6 14. f5 O-O 15.
fxg6 hxg6 16. Nf5 gxf5 17. Bxf6 exf6 18. Qxf5 Rfe8 19. Rf1 Re5 20. Qh7+ Kf8 21.
h4 Qc8 22. Rf4 Qc5 23. Rf3 f5 24. g4 Bxd5 25. Rxf5 Be6 26. Rff1 Rc8 27. Kb1 Re3
28. h5 Qb4 29. c3 Bxc3 30. Rf2 Be5 31. Qh6+ Bg7 32. Qxe3 Bxa2+ 33. Kxa2 Qa4+ 34.
Kb1 Qb4 35. h6 Qa4 36. hxg7+ Kxg7 37. Qg5+ 1-0

[Event "Women's Speed Chess Q5"]
[Site "chess.com INT"]
[Date "2021.06.04"]
[Round "4"]
[White "Dong, Khanh Linh"]
[Black "Mohota, Nisha"]
[Result "1-0"]
[WhiteTitle "WCM"]
[BlackTitle "IM"]
[WhiteElo "1970"]
[BlackElo "2195"]
[WhiteFideId "12403040"]
[BlackFideId "5004330"]
[EventDate "2021.06.04"]

1. e4 Nf6 2. e5 Nd5 3. Nc3 Nb6 4. d4 d5 5. f4 e6 6. Nf3 c5 7. Be3 cxd4 8. Nxd4
Nc6 9. Bb5 Bd7 10. O-O Bb4 11. Qg4 O-O 12. Bxc6 bxc6 13. f5 exf5 14. Nxf5 Bxf5
15. Rxf5 Nc4 16. Bh6 g6 17. Raf1 Bxc3 18. bxc3 Qb6+ 19. Kh1 Ne3 20. Bxe3 Qxe3
21. R1f3 Qe4 22. R3f4 Qe1+ 23. Rf1 Qe3 24. Rf6 Qxe5 25. Rxc6 Rae8 26. h3 Qe3 27.
Rc7 Qe2 28. Qf4 Qxc2 29. Rxf7 1-0

[Event "Women's Speed Chess Q5"]
[Site "chess.com INT"]
[Date "2021.06.04"]
[Round "4"]
[White "Skuhala, Barbara"]
[Black "Kiran, Manisha Mohanty"]
[Result "1-0"]
[WhiteTitle "WFM"]
[BlackTitle "WGM"]
[WhiteElo "2077"]
[BlackElo "2168"]
[WhiteFideId "14605465"]
[BlackFideId "5019575"]
[EventDate "2021.06.04"]

1. e4 c5 2. Nf3 d6 3. d4 cxd4 4. Nxd4 Nf6 5. Nc3 Nc6 6. Nb3 e5 7. f3 a5 8. a4
Be7 9. Be3 Be6 10. Qd2 O-O 11. O-O-O Nb4 12. Kb1 Rc8 13. g4 d5 14. g5 Nh5 15.
exd5 Bf5 16. Bd3 Nxd3 17. cxd3 Bb4 18. Rc1 Bxc3 19. Rxc3 Qxd5 20. Rhc1 Rcd8 21.
Ka1 Qxf3 22. Nc5 Qc6 23. b3 Qd5 24. Kb2 b6 25. Na6 Qb7 26. Nc7 g6 27. Nb5 Nf4
28. Bxf4 exf4 29. Qxf4 Bxd3 30. Qf2 Bxb5 31. axb5 Qd5 32. Qxb6 Qxg5 33. R1c2 Rb8
34. Qxa5 Rxb5 35. Qa4 Qf6 36. Qc4 Rfb8 37. Kb1 Ra5 38. Rc1 Rba8 39. b4 Ra1+ 40.
Kb2 R1a3 41. Kb1 R3a4 42. Kb2 Rb8 43. Kb3 Raxb4+ 44. Qxb4 Rxb4+ 45. Kxb4 Qd6+
46. Kb3 Qxh2 47. R1c2 Qb8+ 48. Ka2 Qa7+ 49. Kb2 Qb7+ 50. Ka2 Qd5+ 51. Kb2 h5 52.
Rc5 Qd4+ 53. Kc1 Kg7 54. R5c4 Qe3+ 55. Kd1 Qf3+ 56. Ke1 h4 57. R4c3 1-0

[Event "Women's Speed Chess Q5"]
[Site "chess.com INT"]
[Date "2021.06.04"]
[Round "4"]
[White "Bodnaruk, Anastasia"]
[Black "Padmini, Rout"]
[Result "1-0"]
[WhiteTitle "IM"]
[BlackTitle "IM"]
[WhiteElo "2446"]
[BlackElo "2370"]
[WhiteFideId "4181751"]
[BlackFideId "5029295"]
[EventDate "2021.06.04"]

1. e4 c5 2. b3 Nc6 3. Bb2 e6 4. Nf3 Nf6 5. e5 Nd5 6. Na3 Be7 7. c4 Nf4 8. Nb5
O-O 9. g3 Ng6 10. Bd3 f6 11. Bxg6 hxg6 12. O-O fxe5 13. Nxe5 Nxe5 14. Bxe5 d6
15. Bb2 e5 16. f3 Bd7 17. Nc3 Bc6 18. Qe2 Qd7 19. Ne4 Rf7 20. d3 Raf8 21. h4 Qh3
22. Qg2 Qd7 23. Rae1 b5 24. Qe2 a5 25. Bc3 a4 26. b4 cxb4 27. Bxb4 d5 28. Bxe7
dxe4 29. Bxf8 exf3 30. Qxe5 Kh7 31. Bd6 f2+ 32. Rxf2 Rxf2 33. Kxf2 Qh3 34. Ke3
bxc4 35. dxc4 Qg2 36. h5 Qxa2 37. hxg6+ Kxg6 38. Kd4 Qb2+ 39. Kc5 Bd7 40. Qe4+
Bf5 41. Qe8+ Kg5 42. Bf4+ Kg4 43. Qe2+ 1-0

[Event "Women's Speed Chess Q5"]
[Site "chess.com INT"]
[Date "2021.06.04"]
[Round "4"]
[White "Perez Rodriguez, Jennifer"]
[Black "Kulkarni, Bhakti"]
[Result "1-0"]
[WhiteTitle "WIM"]
[BlackTitle "IM"]
[WhiteElo "2251"]
[BlackElo "2391"]
[WhiteFideId "3507831"]
[BlackFideId "5019516"]
[EventDate "2021.06.04"]

1. e4 g6 2. d4 c6 3. Nc3 d5 4. exd5 cxd5 5. Nf3 Bg7 6. h3 Nf6 7. Bf4 O-O 8. Bd3
Qb6 9. b3 Nc6 10. Ne2 Nb4 11. O-O Nxd3 12. Qxd3 Bf5 13. Qd1 Rac8 14. c3 Ne4 15.
Rc1 Qa5 16. Ng3 Nxc3 17. Qd2 Be4 18. Ne5 b6 19. Nxe4 Nxe4 20. Qxa5 bxa5 21. Nc6
Bf6 22. Be5 Kg7 23. Nxe7 Rxc1 24. Rxc1 Bxe5 25. dxe5 Re8 26. Nxd5 Rxe5 27. Ne3
Rc5 28. Rxc5 Nxc5 29. Kf1 a4 30. b4 Ne4 31. Nd5 f5 32. f3 Nd6 33. Ke2 Kf7 34.
Kd3 Ke6 35. Nc3 a3 36. Kd4 f4 37. Nb1 Nf5+ 38. Ke4 g5 39. Nxa3 Nh4 40. Nb5 Nxg2
41. Nxa7 Ne3 42. Nc6 Nd1 43. Nd4+ Kd6 44. Kf5 Kd5 45. Nb3 h6 46. b5 Nc3 47. Kg6
Nxa2 48. Kxh6 Nc3 49. b6 Kc6 50. Kxg5 Nd5 51. h4 Kxb6 52. h5 Kc6 53. h6 Nc7 54.
h7 Ne6+ 55. Kf6 1-0

[Event "Women's Speed Chess Q5"]
[Site "chess.com INT"]
[Date "2021.06.04"]
[Round "4"]
[White "Avramidou, Anastasia"]
[Black "Mrudul, Dehankar"]
[Result "0-1"]
[WhiteTitle "FM"]
[BlackTitle "WIM"]
[WhiteElo "2238"]
[BlackElo "2256"]
[WhiteFideId "4239873"]
[BlackFideId "25096990"]
[EventDate "2021.06.04"]

1. d4 Nf6 2. c4 e6 3. Nc3 Bb4 4. Nf3 b6 5. g3 Bb7 6. Bg2 O-O 7. O-O Bxc3 8. bxc3
d6 9. a4 a5 10. Rb1 Nbd7 11. Re1 Be4 12. Ra1 Qc8 13. Bf4 Qa6 14. Qb3 Rfe8 15.
Bh3 e5 16. Bg5 h6 17. Be3 Rad8 18. Nd2 Ba8 19. d5 Bb7 20. f3 e4 21. f4 Bc8 22.
Qb5 Qa8 23. Bd4 e3 24. Nf1 Nc5 25. Bxc8 Qxc8 26. Nxe3 Rxe3 27. Bxe3 Qh3 28. Bxc5
Ng4 29. e4 Qxh2+ 30. Kf1 bxc5 31. Ra2 Qxa2 32. Re2 Qa1+ 33. Kg2 Qxc3 34. Qc6
Qxc4 35. Rd2 Qxe4+ 36. Kh3 Nf6 37. Qxc7 Qh1+ 38. Rh2 Qf1+ 0-1

[Event "Women's Speed Chess Q5"]
[Site "chess.com INT"]
[Date "2021.06.04"]
[Round "4"]
[White "Obolentseva, Alexandra"]
[Black "Yu, Jennifer"]
[Result "0-1"]
[WhiteTitle "WGM"]
[BlackTitle "FM"]
[WhiteElo "2297"]
[BlackElo "2316"]
[WhiteFideId "24153648"]
[BlackFideId "2078341"]
[EventDate "2021.06.04"]

1. d4 d5 2. c4 e6 3. Nc3 a6 4. e3 Nf6 5. Nf3 dxc4 6. Bxc4 b5 7. Bd3 Bb7 8. Qc2
Nbd7 9. O-O c5 10. Ne4 c4 11. Nxf6+ Nxf6 12. Be2 Bd6 13. a4 O-O 14. b3 cxb3 15.
Qxb3 Bd5 16. Qd1 b4 17. Nd2 e5 18. Bb2 e4 19. Nc4 Bxc4 20. Bxc4 Bxh2+ 21. Kxh2
Qc7+ 22. Kg1 Qxc4 23. Rc1 Qe6 24. Rc5 Nd5 25. Qc2 a5 26. Rc1 Rfd8 27. Rc6 Qg4
28. Qc5 Qe2 29. Ba1 h6 30. Rd6 Rxd6 31. Qxd6 Qd2 32. Rf1 Nc3 33. Qc6 Rf8 34. d5
Qxd5 35. Qxd5 Nxd5 36. Bd4 Rc8 37. Rb1 Nc3 38. Bxc3 Rxc3 39. f3 exf3 40. gxf3
Rxe3 41. Kf2 Ra3 42. Rc1 Rxa4 43. Rc8+ Kh7 44. Rc7 Kg6 45. Rc6+ f6 46. Rb6 Ra2+
47. Ke3 Rb2 48. Kd3 a4 49. Ke4 a3 50. f4 a2 51. f5+ Kh7 52. Kd5 b3 0-1

[Event "Women's Speed Chess Q5"]
[Site "chess.com INT"]
[Date "2021.06.04"]
[Round "4"]
[White "Balabayeva, Xeniya"]
[Black "Sikorova, Olga"]
[Result "1-0"]
[WhiteTitle "WFM"]
[BlackTitle "WGM"]
[WhiteElo "2116"]
[BlackElo "2215"]
[WhiteFideId "13719688"]
[BlackFideId "307033"]
[EventDate "2021.06.04"]

1. e4 e6 2. d4 d5 3. Nd2 c5 4. exd5 Qxd5 5. Ngf3 cxd4 6. Bc4 Qd6 7. O-O Nf6 8.
Nb3 Nc6 9. Nbxd4 Nxd4 10. Nxd4 a6 11. c3 Bd7 12. Qf3 Qc7 13. Bb3 Bd6 14. h3
O-O-O 15. Be3 h6 16. Rad1 Be5 17. Qe2 g5 18. Nf3 Bf4 19. Bxf4 gxf4 20. Qe5 Qxe5
21. Nxe5 Rh7 22. Rd4 Bb5 23. Rfd1 Rxd4 24. Rxd4 Nh5 25. Nxf7 Rg7 26. Bxe6+ Kc7
27. Nd6 Bc6 28. Bg4 Nf6 29. Nf5 Rg5 30. Nxh6 f3 31. Rf4 Nxg4 32. Nxg4 fxg2 33.
Ne3 Kd6 34. h4 Rb5 35. b4 Rh5 36. Rg4 Ke5 37. Nxg2 Rh7 38. Ne3 Bf3 39. Rd4 1-0

[Event "Women's Speed Chess Q5"]
[Site "chess.com INT"]
[Date "2021.06.04"]
[Round "4"]
[White "Nguyen, Hong Anh"]
[Black "Zawadzka, Jolanta"]
[Result "1/2-1/2"]
[WhiteTitle "WIM"]
[BlackTitle "WGM"]
[WhiteElo "1993"]
[BlackElo "2403"]
[WhiteFideId "12406732"]
[BlackFideId "1122320"]
[EventDate "2021.06.04"]

1. d4 d5 2. c4 e6 3. Nf3 Nf6 4. g3 Bb4+ 5. Bd2 Be7 6. Bg2 O-O 7. O-O c6 8. Qc2
Ne4 9. Bf4 Nd7 10. Nbd2 f5 11. Ne5 g5 12. Nxe4 fxe4 13. Nxd7 Bxd7 14. Be5 Bf6
15. cxd5 exd5 16. Qb3 Bxe5 17. dxe5 Qe7 18. Bxe4 Qxe5 19. Qxb7 Qe6 20. Bg2 Rfb8
21. Qa6 Rxb2 22. e4 d4 23. Qa3 Rb5 24. Qd3 c5 25. a4 Rb3 26. Qd2 h6 27. Rac1 Rc8
28. Rfe1 Qb6 29. e5 Be6 30. h4 Rb2 31. Qd3 Kg7 32. hxg5 hxg5 33. Qf3 Rf8 34. Qh5
Qd8 35. Rf1 c4 36. f4 d3 37. f5 Qd4+ 38. Kh1 Rh8 39. Qxh8+ Kxh8 40. fxe6 Qg4 41.
e7 Qh5+ 42. Kg1 Kg7 43. Rf8 d2 44. Rcf1 d1=Q 45. Rxd1 Qxd1+ 46. Kh2 Qh5+ 47. Kg1
Rb1+ 48. Bf1 Rxf1+ 49. Kxf1 Qd1+ 50. Kg2 Qe2+ 51. Kh3 Qh5+ 52. Kg2 Qe2+ 53. Kh3
Qh5+ 54. Kg2 Qe2+ 1/2-1/2

[Event "Women's Speed Chess Q5"]
[Site "chess.com INT"]
[Date "2021.06.04"]
[Round "4"]
[White "Mkrtchian, Lilit"]
[Black "Tomilova, Elena"]
[Result "1/2-1/2"]
[WhiteTitle "IM"]
[BlackTitle "WGM"]
[WhiteElo "2388"]
[BlackElo "2353"]
[WhiteFideId "13300601"]
[BlackFideId "4162340"]
[EventDate "2021.06.04"]

1. e4 e6 2. d4 d5 3. Nc3 Nf6 4. e5 Nfd7 5. f4 c5 6. Nf3 Nc6 7. Be3 cxd4 8. Nxd4
Bc5 9. Qd2 O-O 10. O-O-O Bxd4 11. Bxd4 a6 12. Bf2 b5 13. Kb1 b4 14. Na4 a5 15.
h4 Ba6 16. Bxa6 Rxa6 17. h5 Qc7 18. h6 g6 19. Nc5 Nxc5 20. Bxc5 Rc8 21. Bd6 Qd8
22. g4 a4 23. f5 b3 24. cxb3 axb3 25. a3 Na5 26. fxe6 fxe6 27. Qf4 Nc4 28. Rhf1
Ra7 29. Bb4 Qe8 30. Qg5 Rf7 31. Rf6 Rxf6 32. Qxf6 Qf7 33. Rf1 Qxf6 34. Rxf6 Nxe5
35. Rxe6 Nd3 36. Bc3 d4 37. Bd2 Rc2 38. Bg5 Rxb2+ 39. Ka1 Rf2 40. Rf6 Rg2 41.
Rf1 Rxg4 42. Bf6 Rf4 43. Rxf4 Nxf4 44. Bxd4 Kf7 45. a4 Ke6 46. a5 Nd5 47. Kb2
Nc7 48. Kxb3 Kd5 49. Be3 Kc6 50. Kc4 Ne8 51. a6 Nf6 52. a7 Kb7 53. Bg5 Ng8 54.
Kd5 Nxh6 55. Bxh6 Kxa7 56. Ke6 Kb7 57. Kf7 Kc6 58. Kg7 Kd5 59. Kxh7 Ke4 60. Kxg6 1/2-1/2

[Event "Women's Speed Chess Q5"]
[Site "chess.com INT"]
[Date "2021.06.04"]
[Round "4"]
[White "Sviridova, Vlada"]
[Black "Kanyamarala, Trisha"]
[Result "0-1"]
[WhiteTitle "WFM"]
[BlackTitle "WIM"]
[WhiteElo "2144"]
[BlackElo "2180"]
[WhiteFideId "24109606"]
[BlackFideId "45004722"]
[EventDate "2021.06.04"]

1. d4 Nf6 2. c4 e6 3. Nf3 d5 4. Nc3 Bb4 5. Bg5 h6 6. Bxf6 Qxf6 7. e3 O-O 8. Rc1
Rd8 9. a3 Bxc3+ 10. Rxc3 c5 11. dxc5 dxc4 12. Qc2 Nc6 13. Bxc4 e5 14. O-O Bg4
15. Nd2 Bf5 16. Qc1 e4 17. b4 Ne5 18. Be2 Rd7 19. Nb3 Qg6 20. Kh1 Rad8 21. Nd4
Bg4 22. f3 exf3 23. gxf3 Bh3 24. Rg1 Qf6 25. Rg3 Be6 26. b5 Rc7 27. Kg2 Rdc8 28.
h3 Qe7 29. Nxe6 fxe6 30. f4 Rxc5 31. Rxc5 Rxc5 32. Qb2 Nd7 33. Qb4 Nf6 34. a4
Qd6 35. Qd4 Rd5 36. Qc3 Rd2 37. Qc4 Qd5+ 38. Qxd5 Nxd5 39. Kf2 Nc3 40. e4 Nxe4+
41. Ke3 Rxe2+ 42. Kxe2 Nxg3+ 43. Kf3 Nf5 44. Ke4 Kf7 45. Ke5 g5 46. fxg5 hxg5
47. a5 Ke7 48. a6 bxa6 49. bxa6 Nd6 50. Kd4 Nc8 51. Kc5 Kd7 52. Kb5 Kc7 53. Kc5
Nb6 54. Kd4 Kd6 55. Ke4 e5 56. Kf5 Kd5 57. Kxg5 e4 58. Kf4 Kd4 59. h4 e3 60. Kf3
Kd3 61. h5 e2 62. h6 e1=Q 63. h7 Qh1+ 0-1

[Event "Women's Speed Chess Q5"]
[Site "chess.com INT"]
[Date "2021.06.04"]
[Round "4"]
[White "Babiy, Olga"]
[Black "Paehtz, Elisabeth"]
[Result "0-1"]
[WhiteTitle "WGM"]
[BlackTitle "IM"]
[WhiteElo "2280"]
[BlackElo "2456"]
[WhiteFideId "14117258"]
[BlackFideId "4641833"]
[EventDate "2021.06.04"]

1. d4 e6 2. Nf3 Nf6 3. Bf4 c5 4. e3 d5 5. c3 Nc6 6. Nbd2 cxd4 7. exd4 Nh5 8. Be3
g6 9. g4 Nf6 10. Ne5 Nxe5 11. dxe5 Nd7 12. f4 Bc5 13. Bxc5 Nxc5 14. Nf3 Qb6 15.
b4 Ne4 16. Qd4 h5 17. g5 Bd7 18. Bd3 Nxc3 19. Qxb6 axb6 20. Kd2 Ra3 21. Rhc1 Na4
22. Rc7 Nb2 23. Be2 Nc4+ 24. Bxc4 dxc4 25. Rf1 Ke7 26. Rxb7 b5 27. Kc2 Rxa2+ 28.
Kc3 Ra3+ 29. Kc2 Rd3 30. Nd2 Ra8 31. Ne4 Ra2+ 32. Kb1 Rda3 33. Nf6 Rd2 34. Ne4
Rdd3 35. Nc5 Rd5 36. Rc1 Kd8 37. Nxd7 Rb3+ 38. Kc2 Rxd7 39. Rb8+ Ke7 40. Rxb5
Rdd3 41. Ra1 Ra3 42. Rxa3 Rxa3 43. Rb7+ Kf8 44. Rc7 Rh3 45. b5 Rb3 46. Rxc4 Rxb5
47. Rc3 Rb4 48. Rf3 Ra4 49. h3 Ke7 50. Kd2 Ra2+ 51. Ke3 Kd7 52. Rf1 Ra3+ 53. Ke4
Rxh3 54. Rd1+ Ke7 55. Ra1 Rg3 56. Ra8 h4 57. Rh8 h3 58. Kd4 Ra3 59. Ke4 Kd7 60.
Kd4 Kc6 61. Ke4 Ra4+ 62. Kf3 Kd5 63. Rd8+ Kc4 64. Rd7 Ra3+ 65. Kf2 h2 66. Kg2
Ra2+ 67. Kh1 Rf2 68. Rxf7 Kd5 69. Rf6 Ke4 0-1

[Event "Women's Speed Chess Q5"]
[Site "chess.com INT"]
[Date "2021.06.04"]
[Round "4"]
[White "Petrova, Irina"]
[Black "Vo, Thi Kim Phung"]
[Result "1/2-1/2"]
[WhiteTitle "WIM"]
[BlackTitle "WGM"]
[WhiteElo "2110"]
[BlackElo "2335"]
[WhiteFideId "14124122"]
[BlackFideId "12401838"]
[EventDate "2021.06.04"]

1. e4 e6 2. d4 d5 3. Nc3 Nf6 4. Bg5 dxe4 5. Nxe4 Be7 6. Bxf6 gxf6 7. Nf3 f5 8.
Nc3 a6 9. a4 Bf6 10. Bc4 c5 11. d5 Bxc3+ 12. bxc3 Qf6 13. O-O O-O 14. Re1 Qxc3
15. Ne5 Qd4 16. Qc1 Qh4 17. Ra3 Qf6 18. Rg3+ Kh8 19. Rh3 b5 20. axb5 axb5 21.
Bxb5 exd5 22. Rh6 Qg7 23. Qf4 Be6 24. Bd3 Nd7 25. Nxd7 Bxd7 26. Rd6 Be6 27. Bxf5
Ra1 28. Rf1 Rxf1+ 29. Kxf1 Qa1+ 30. Ke2 Bxf5 31. Qxf5 Re8+ 32. Kf3 Qc3+ 33. Kg4
Rg8+ 34. Kh5 Qg7 35. Rxd5 h6 36. g4 Re8 37. f4 Rg8 38. h4 Rf8 39. g5 hxg5 40.
fxg5 Qh7+ 41. Qxh7+ Kxh7 42. Rxc5 Kg7 43. Rc7 Rh8+ 44. Kg4 Rd8 45. c4 Rd4+ 46.
Kh5 Rd6 47. c5 Re6 48. c6 Rd6 49. Rc8 Rd4 50. c7 Rc4 51. Ra8 Rxc7 52. Ra6 Rc8
53. Ra4 Rh8+ 54. Kg4 Rc8 55. Rb4 Rc1 56. Rf4 Rg1+ 57. Kh5 Rc1 58. Kg4 Rc6 59. h5
Rc1 60. h6+ Kg8 61. Kf5 Rc5+ 62. Kg4 Rc6 63. Re4 Rc1 64. Kf5 Rf1+ 65. Rf4 Rb1
66. g6 fxg6+ 67. Kxg6 Rb6+ 68. Rf6 Rxf6+ 69. Kxf6 Kh7 70. Kg5 Kh8 71. Kg6 Kg8
72. h7+ Kh8 73. Kh6 1/2-1/2

[Event "Women's Speed Chess Q5"]
[Site "chess.com INT"]
[Date "2021.06.04"]
[Round "4"]
[White "Tokhirjonova, Gulrukhbegim"]
[Black "Nguyen, Hong Ngoc"]
[Result "1/2-1/2"]
[WhiteTitle "WGM"]
[BlackTitle "WCM"]
[WhiteElo "2344"]
[BlackElo "1957"]
[WhiteFideId "14203626"]
[BlackFideId "12403083"]
[EventDate "2021.06.04"]

1. e4 c5 2. Nf3 d6 3. d4 cxd4 4. Nxd4 Nf6 5. Nc3 a6 6. h3 Nc6 7. Be3 Qc7 8. Be2
g6 9. O-O Bg7 10. a3 O-O 11. Qd2 b5 12. Nxc6 Qxc6 13. Bg5 Bb7 14. Bxf6 Bxf6 15.
Nd5 Rac8 16. c3 Rfd8 17. Rad1 Qe8 18. Nxf6+ exf6 19. Bg4 Rc4 20. Rfe1 Rxe4 21.
Bf3 Rxe1+ 22. Rxe1 Qd7 23. Bd5 Bxd5 24. Qxd5 Re8 25. Rd1 Re6 26. Qa8+ Kg7 27.
Qxa6 d5 28. Qa8 Re5 29. Qa5 Re2 30. Qb4 Qf5 31. Rf1 Qd3 32. b3 Rc2 33. a4 bxa4
34. bxa4 Rxc3 35. Ra1 Rb3 36. Qe1 Qa6 37. a5 d4 38. Qd1 Rb4 39. Ra3 h5 40. Qf1
Qa7 41. a6 Rb2 42. Qd3 Rb6 43. h4 Rb4 44. g3 Rb2 45. Kg2 Qa8+ 46. Qf3 Qa7 47.
Kg1 d3 48. Rxd3 Qxa6 49. Rd1 Qb7 50. Qxb7 Rxb7 51. Kg2 Rb2 52. Rd7 g5 53. Ra7
Kg6 54. Ra6 gxh4 55. gxh4 Rb4 56. Kh3 Rg4 57. f3 Rg1 58. Ra5 Rc1 59. Kg3 Re1 60.
Kh3 Re5 61. Ra4 Kf5 62. Kg3 Kg6 63. Kf4 Rb5 64. Ra6 Rb4+ 65. Kg3 Rb3 66. Ra8 f5
67. Ra6+ f6 68. Ra7 Rc3 69. Rd7 Rc4 70. Ra7 f4+ 71. Kh3 Rc2 72. Ra4 Kf5 73. Ra5+
Kg6 74. Ra4 Kf5 75. Ra5+ Kg6 76. Ra4 1/2-1/2